Responses for show #2937 - Tuesday, May 13, 1997

1997 College Championship quarterfinal game 2.

Contestants

Bill McKinley, a sophomore from Wittenberg University

Leslie Campisi, a sophomore from Loyola University (New Orleans)

Oliver Baptiste, a senior from William Paterson College

Jeopardy! Round responses

BRITISH HISTORY
IVY LEAGUE COLLEGES
QUOTATIONS
ANIMALS
MUSICAL INSTRUMENTS
THE GOLDEN GLOBE AWARDS
    $100 5
House of Lords

Bill
    $100 2
Yale

Bill
    $100 18
Pablo Picasso

Bill
    $100 11
Giant panda

Bill
    $100 1
Drums

Bill
    $100 26
David Duchovny

Leslie
    $200 13
(O: What is The Netherlands?)

Wales

OliverBill
    $200 3
University of Pennsylvania

Oliver
    $200 19
John Wayne

Bill
    $200 17
(L: (called this time by Alex as her nickname "Liesl") What is an albatross?)

Condor

LeslieBill
    $200 4
(O: What is a trombone?)

Bugle

OliverLeslie
    $200 27
Gillian Anderson

Oliver
    $300 14
Winston Churchill

Bill
    $500 6
Columbia & Cornell

Bill
    $300 20
(O: Who is Freud?)

Carl Jung

OliverBill
    $300 23
Llama

Oliver
    $300 8
Piccolo

Leslie
    $300 28
John Lithgow

Oliver
    $400 15
King John

Bill
    $400 7
Brown

Oliver
    $400 21
Mary Baker Eddy

Bill
    $400 24
Terrier

Bill
    $400 9
Accordion

Leslie
    $400 29
Helen Hunt

Leslie
    $500 16
Suez Canal

Leslie
    $500 12
Dartmouth

Bill
    $500 22
Elizabeth I

Bill
    $500 25
Sea anemone

Leslie
    $500 10
(Oliver: What is a bass viola?)

a bass violin

Oliver
Triple Stumper
    $500 30
Shine

Leslie

Scores at the first commercial break (after clue 15):

Oliver Leslie Bill
-$300 $900 $2,300

Scores at the end of the Jeopardy! Round:

Oliver Leslie Bill
$200 $2,700 $4,400

Double Jeopardy! Round responses

FIRST LADIES
THE OLYMPICS
LAKES & RIVERS
GENERAL SCIENCE
BUSINESS & INDUSTRY
POETS & POETRY
    $200 1
Mary Todd Lincoln

Oliver
    $200 23
USA

Bill
    $200 14
Euphrates

Leslie
    $200 19
Bones

Bill
    $200 3
McDonald's

Leslie
    $200 4
John Milton

Leslie
    $400 2
Abigail Adams

Bill
    $400 27
Sydney, Australia

Leslie
    $400 15
(B: What is the Tiber?)

Po

Bill
Triple Stumper
    $400 22
Horizon

Oliver
    $400 7
America Online

Oliver
    $400 5
Elizabeth Barrett Browning

Leslie
    $600 8
Eleanor Roosevelt

Oliver
    $600 28
10,000

Oliver
    $700 16
(L: What is the Danube?)

Rhine

Leslie
    $600 24
(L: What is obsidian?)

Igneous

LeslieBill
    $600 11
Nike

Leslie
    $600 6
Lewis Carroll

Bill
    $800 9
Betty Ford

Bill
    $800 29
Pentathlon

Bill
    $800 17
Ohio River

Leslie
    $800 25
(O: What is energy?)

Plasma

OliverBill
    $800 20
Chrysler

Bill
    $800 12
Robert Frost

Leslie
    $1000 10
Lady Bird Johnson

Bill
    $1000 30
Bobsledding

Leslie
    $1000 18
(L: What is Titicaca?)

Lake Maracaibo

Leslie
Triple Stumper
    $1000 26
(The element is mendelevium.)

Dmitri Mendeleev

Bill
    $1000 21
Breyers

Leslie
    $1,000 13
Emily Dickinson

Leslie

Scores at the end of the Double Jeopardy! Round:

Oliver Leslie Bill
$1,600 $7,000 $11,200

Final Jeopardy! Round responses

CHILDREN'S BOOKS
OliverWhat is Where the Wild Things Are?
$1,000
LeslieWhat is Goodnight Moon?
$1,500
BillWhat is Where the Wild Things Are?
$1,200
"Where the Wild Things Are"

Final scores:

Oliver Leslie Bill
$2,600 $5,500 $12,400
3rd place: $1,000 if eliminated 2nd place: $1,000 if eliminated Automatic semifinalist

Game dynamics:

Coryat scores:

Oliver Leslie Bill
$1,600 $7,700 $11,000
10 R,
5 W
19 R
(including 1 DD),
4 W
(including 1 DD)
27 R
(including 1 DD),
1 W

Combined Coryat: $20,300

The J! Archive is created by fans, for fans. The Jeopardy! game show and all elements thereof, including but not limited to copyright and trademark thereto, are the property of Jeopardy Productions, Inc. and are protected under law. This website is not affiliated with, sponsored by, or operated by Jeopardy Productions, Inc. Join the discussion at JBoard.tv.